000 00831nam a2200229 a 4500
001 BRCA_7267
005 20190320205756.0
008 270112s1972----u--a######---#000-0#eng-#
041 _aeng
044 _au
050 4 _aF1234
_b.O27 1972
100 1 _aO´Crouley, Pedro Alonso
_917999
245 1 0 _aA Description of the Kingdom of New Spain
_cPedro Alonso O´Crouley ; translated and edited by Seán Galvin.
260 _aEstados Unidos
_bJohn Howell-Books
_c1972
300 _a148 p.
_bil. (algunas a color)
_c31 cm.
_e1 mapa (facsímil, 1768)
500 _aIncluye glosario, árbol genealógico de O´Crouley e índice analítico
500 _aDonación de Santa Fe, Nuevo México
504 _aBibliografía: p. 143-144
651 4 _aNueva España
_xHistoria
_93639
700 1 _aGalvin, Seán
_etr.
_918000
942 _2lcc
_cB
999 _c6947
_d6947